[Event "12th Agzamov Memorial 2018"]
[Site "Tashkent"]
[Date "2018.04.24"]
[Round "2"]
[White "Kotanjian, Tigran"]
[Black "Baymuratova, Sevara"]
[Result "1-0"]
[WhiteElo "2481"]
[BlackElo "2142"]
[Annotator "TA"]
[PlyCount "79"]
[EventDate "2018.??.??"]
[EventType "swiss"]
[EventCountry "UZB"]
[SourceTitle "playchess.com"]
[Source "ChessBase"]
[SourceQuality "1"]

{[%evp 23,79,15,17,0,0,0,0,0,0,-21,56,38,76,73,55,22,83,50,43,31,37,27,37,0,0,0,0,0,0,0,48,8,16,12,63,63,135,136,146,155,228,217,360,355,635,620,719,680,810,804,756,683,941,933,942,886,1493,1355]} 1. d4 d5 2. c4 c6 3. Nf3 Nf6 4. Nc3 e6 5. Bg5 Nbd7 6. cxd5 exd5 7. e3 Be7 8. Bd3 O-O 9. O-O Re8 10. Qc2 Nf8 11. h3 Ng6 12. Rab1 Ne4 {LiveBook: 8 Games. D36: Queen's Gambit Declined: Exchange Variation: Main line (5 Bg5 c6 6 Qc2)} (12... Bd6 13. Nh4 Nf8 14. Nf3 h6 15. Bf4 Bxf4 16. exf4 Ne6 17. Qd2 Ne4 18. Nxe4 dxe4 19. Bxe4 Nxd4 20. Nxd4 Rxe4 {0-1 (57) Ruck,R (2574)-Fressinet,L (2673) Mainz 2008}) 13. Bf4 {[#]} Nxf4 $146 ({Predecessor:} 13... Bd6 14. Nxe4 Bxf4 15. exf4 dxe4 16. Bxe4 Nxf4 17. Bxh7+ Kh8 18. Be4 Qf6 19. Rfe1 Be6 20. a3 {1-0 (57) Dydyshko,V (2538)-Grabarczyk,M (2514) Lubniewice 2002}) 14. exf4 f5 {The position is equal.} 15. Ne5 Be6 16. Na4 Qa5 (16... Bd6 $11) 17. a3 Rad8 18. b4 Qc7 19. Nc5 Bd6 (19... Bc8 $11) 20. Kh2 g6 21. f3 Nf6 22. b5 cxb5 23. Rxb5 ({Inferior is} 23. Bxb5 b6 $17) 23... b6 24. Nxe6 Qxc2 25. Bxc2 Rxe6 26. a4 Bf8 27. a5 bxa5 28. Rxa5 a6 (28... Bb4 $11 29. Rxa7 Rc8) 29. Rb1 $14 Red6 ({Black should play} 29... Nh5 $14) 30. g4 $16 fxg4 31. hxg4 Ne8 (31... Rc8 $16) 32. Rb7 $18 {Bb3 is the strong threat.} Bh6 (32... Rf6 {was called for.} 33. Bb3 Nd6) 33. Kg3 Rc8 $2 {[#]} (33... Re6 34. Bb3 Nd6) 34. Bb3 {White is clearly winning.} Rc7 35. Rb8 Kf8 36. Ba4 Re7 37. Rc5 Rde6 38. Rxd5 Bg7 39. Bd7 Rf6 40. g5 {Precision: White = 64%, Black = 28%.} 1-0

[Event "12th Agzamov Memorial 2018"]
[Site "Tashkent"]
[Date "2018.04.24"]
[Round "2"]
[White "Khusenkhojaev, Muhammad"]
[Black "Tashkhodzhaev, Akram"]
[Result "1-0"]
[WhiteElo "2456"]
[BlackElo "2125"]
[Annotator "TA"]
[PlyCount "53"]
[EventDate "2018.??.??"]
[EventType "swiss"]
[EventCountry "UZB"]
[SourceTitle "playchess.com"]
[Source "ChessBase"]
[SourceQuality "1"]

{[%evp 20,53,30,36,57,0,0,-12,0,0,53,37,53,41,41,29,161,167,152,143,185,188,208,195,220,204,329,303,501,510,511,508,510,504,469,449]} 1. d4 Nf6 2. c4 c5 3. Nf3 cxd4 4. Nxd4 e5 5. Nb5 d5 6. cxd5 Bc5 7. e3 O-O 8. N5c3 e4 9. Nd2 {[%cal Bb1d2,Bd2b3,Bb3d4,Bd4b5,Bb5c3][%mdl 32]} Re8 10. Be2 {A31: Symmetrical English: 2 Nf3 Nf6 3 d4} Bf5 11. Nb3 {LiveBook: 3 Games} Bd6 12. O-O ({White should play} 12. g4 $14 Bc8 13. g5) 12... Nbd7 13. Nb5 $146 ({Predecessor:} 13. Nd4 Bg6 14. f4 exf3 15. gxf3 a6 16. e4 Rc8 17. Rf2 Bb8 {1-0 (53) Dvalishvili,P (2432)-Ovetchkin,R (2554) Tula 2003}) 13... Ne5 $1 14. N3d4 Bg6 (14... Bg4 $11) 15. Nxd6 $14 Qxd6 16. Nb5 $36 {[%mdl 2048] White fights for an advantage.} Qd7 17. Nc3 $1 Qf5 {[#]} (17... Rac8 $11) 18. f4 $1 $18 {[%cal Rf4e5]} exf3 19. gxf3 Bh5 20. e4 Qh3 21. Bf4 Rad8 22. Bg3 Rd6 (22... a6 $142 23. Rf2 Qd7) 23. Rf2 a6 $2 {[#]} (23... Rb6 24. Qd4 Nxf3+ 25. Bxf3 Bxf3 26. Rxf3 Rxb2) 24. Qd4 {White is clearly winning.} Nfd7 {Black hopes to continue with ...Rg6.} 25. Bf1 Qe6 26. dxe6 {[%cal Bd5e6,Be6d7][%mdl 32]} Rxd4 27. exd7 {Precision: White = 80%, Black = 37%.} 1-0

[Event "12th Agzamov Memorial 2018"]
[Site "Tashkent"]
[Date "2018.04.24"]
[Round "2"]
[White "Arutyunyan, Armen"]
[Black "Stupak, Kirill"]
[Result "0-1"]
[WhiteElo "2255"]
[BlackElo "2556"]
[Annotator "TA"]
[PlyCount "88"]
[EventDate "2018.??.??"]
[EventType "swiss"]
[EventCountry "UZB"]
[SourceTitle "playchess.com"]
[Source "ChessBase"]
[SourceQuality "1"]

{[%evp 18,88,24,27,108,37,43,22,30,28,34,26,39,0,0,0,0,-13,-13,-20,-8,-39,1,-35,-44,-41,-10,-29,-36,-31,-35,-37,-34,-35,-31,-36,-36,-62,-39,-38,-35,-47,-38,-119,-115,-126,-128,-120,-98,-149,-169,-168,-175,-268,-211,-191,-186,-293,-312,-301,-306,-333,-227,-237,-235,-216,-216,-309,-310,-316,-315,-372,-365]} 1. c4 g6 2. Nc3 Bg7 3. d4 Nf6 4. e4 d6 5. Be2 O-O 6. Nf3 c6 7. O-O a6 8. Be3 b5 {E91: King's Indian: Classical: 6 Be2, unusual replies including 6...c5 and 6...Bg4} 9. a3 (9. Qc2 Nbd7 10. Rfd1 Bb7 11. Rac1 bxc4 12. Bxc4 d5 13. Bd3 dxe4 14. Nxe4 Nd5 15. Nc5 Nxc5 16. Qxc5 Nxe3 17. fxe3 {0-1 (42) Olsen,F (2300)-Vorobiov,E (2548) Aarhus 2018}) 9... bxc4 10. Bxc4 {LiveBook: 3 Games. Black should prevent e5.} a5 $146 (10... Nxe4 $11 {keeps the balance.} 11. Nxe4 d5) ({Predecessor:} 10... d5 11. Ba2 dxe4 12. Ng5 Bf5 13. Qb3 Qe8 14. Qb7 Nbd7 15. h3 h6 16. Nxf7 Rxf7 {0-1 (45) Kappeler,K (2288)-Ballmann,M (2370) Switzerland 2014}) 11. Re1 (11. e5 $16 Ne8 12. Rc1) 11... d5 $14 12. Bd3 dxe4 13. Nxe4 Nd5 14. Bg5 h6 15. Bd2 Bg4 $1 16. Be2 Qb6 17. Bc3 Nd7 {[%cal Bb8d7,Bd7f8,Bf8e6][%mdl 32]} 18. Ned2 Rfd8 19. Bc4 Nf8 20. Qb3 Qxb3 21. Bxb3 Be6 22. Ne5 a4 23. Bxd5 Bxd5 24. Rad1 Ne6 25. Nf1 Rac8 26. Ba5 Re8 27. Bc3 Bb3 28. Rd2 Red8 29. g3 Rd6 $36 {[%mdl 2048] White is under pressure.} 30. Bb4 (30. f4 $15) 30... Rxd4 $17 31. Bxe7 c5 {Strongly threatening ...Re8.} 32. f4 Bd5 33. Rc1 (33. Kf2 $142) 33... Rxd2 34. Nxd2 g5 35. Nd3 (35. Nd7 {might work better.} Bxb2 36. Rb1 Bd4+ 37. Kf1) 35... Bd4+ 36. Kf1 gxf4 37. Nxf4 (37. gxf4 $142 c4 38. f5) 37... Nxf4 $19 ({Don't play} 37... Bxb2 38. Rb1 $19) 38. gxf4 f6 ({Not} 38... Bxb2 39. Rxc5 Bc6 40. Ke2 $17) 39. Nc4 {[#] Black must now prevent Nb6.} Bxc4+ 40. Rxc4 Kf7 ({Weaker is} 40... Bxb2 41. Rxc5 Rxc5 42. Bxc5 $11) 41. Bxc5 Bxc5 42. Rxa4 (42. f5 {was worth a try.}) 42... Bd6 43. Rd4 Ke6 44. b4 Rc2 {Precision: White = 32%, Black = 77%.} 0-1

[Event "12th Agzamov Memorial 2018"]
[Site "Tashkent"]
[Date "2018.04.24"]
[Round "2"]
[White "Agzamov, Viachesiav"]
[Black "Levin, Evgeny A"]
[Result "0-1"]
[WhiteElo "2219"]
[BlackElo "2543"]
[Annotator "TA"]
[PlyCount "74"]
[EventDate "2018.??.??"]
[EventType "swiss"]
[EventCountry "UZB"]
[SourceTitle "playchess.com"]
[Source "ChessBase"]
[SourceQuality "1"]

{[%evp 15,74,0,-5,0,0,0,0,0,0,-3,0,-4,2,-40,-34,-37,-31,-38,-32,-38,-37,-50,-27,-53,-42,-54,-54,-62,-60,-87,-74,-81,-75,-156,-85,-145,-141,-128,-131,-135,-121,-125,-99,-96,-100,-125,-118,-187,-131,-191,-179,-252,-244,-347,-321,-339,-352,-352,-339,-413,-400]} 1. Nf3 Nf6 2. c4 b6 3. g3 c5 4. Bg2 Bb7 5. O-O g6 6. Nc3 Bg7 7. Re1 Ne4 8. Nd5 {A30: Symmetrical English: Double Fianchetto and Hedgehog} (8. Nxe4 Bxe4 9. d4 O-O 10. d5 h6 11. Bf1 d6 12. Nd2 Bf5 13. e4 Bd7 14. f4 e5 15. Nf3 Na6 {1-0 (63) Karthikeyan,M (2592)-Le,Q (2736) Hanoi 2018}) 8... e6 {LiveBook: 3 Games} 9. Nf4 O-O $146 ({Predecessor:} 9... Nf6 10. Rb1 Nc6 11. a3 a5 12. d4 Nxd4 13. Nxd4 Bxg2 14. Nxg2 cxd4 15. Qxd4 O-O {0-1 (36) Bosboom,M (2455)-Epishin,V (2567) Amsterdam 2000}) 10. d3 {The position is equal.} Nf6 11. e4 d6 12. Rb1 Nc6 13. a3 Ng4 14. Bd2 Nge5 15. Bc3 Qd7 16. h4 Nxf3+ 17. Bxf3 Nd4 18. Bg2 Rae8 19. Ne2 e5 20. Nxd4 cxd4 21. Bd2 f5 22. Rf1 f4 23. Kh2 Bc8 {[%cal Bb7c8,Bc8g4,Bg4d7,Bd7e6][%mdl 32]} 24. gxf4 {[#]} (24. Rh1 $142) 24... exf4 (24... Qe7 $142 $1 25. Rh1 Bh6) 25. Qf3 (25. f3 $142) 25... Qe7 $17 26. Rh1 Qxh4+ 27. Kg1 Qg5 {And now ...Bg4 would win.} 28. Qd1 Bg4 29. f3 Bd7 $36 {[%mdl 2048] Black is in control.} 30. Be1 b5 31. b4 (31. Rc1 $17) 31... Rc8 ({Black should try} 31... bxc4 $19 {White must now prevent ...c3.} 32. dxc4 Rc8) 32. Rc1 (32. cxb5 $17 {was necessary.} Qxb5 33. Bh3) 32... Be6 {[%cal Rb5c4]} 33. Qe2 (33. cxb5 $142 Rxc1 34. Qxc1) 33... Rc7 34. Bh4 (34. Kf1 $142) 34... Qe5 $19 35. Bh3 Rfc8 36. Bxe6+ Qxe6 37. Qh2 h6 {Precision: White = 41%, Black = 69%.} 0-1

[Event "12th Agzamov Memorial 2018"]
[Site "Tashkent"]
[Date "2018.04.24"]
[Round "2"]
[White "Vakhidov, Daler"]
[Black "Pourramezanali, Amirreza"]
[Result "0-1"]
[WhiteElo "2212"]
[BlackElo "2536"]
[Annotator "TA"]
[PlyCount "80"]
[EventDate "2018.??.??"]
[EventType "swiss"]
[EventCountry "UZB"]
[SourceTitle "playchess.com"]
[Source "ChessBase"]
[SourceQuality "1"]

{[%evp 24,80,50,52,65,52,51,32,30,31,43,-7,-7,0,0,-8,0,0,0,-4,33,11,20,17,20,18,30,31,45,43,45,0,10,0,0,0,0,0,32,-32,0,0,0,0,0,0,127,-115,-115,-115,-115,-115,-115,-104,-74,-229,-232,-334,-327]} 1. d4 Nf6 2. c4 e6 3. g3 c5 4. d5 exd5 5. cxd5 g6 6. Nc3 d6 7. Bg2 Bg7 8. Nf3 O-O {[%cal Bh8f8,Bf8e8,Be8e4,Be4b4][%mdl 32]} 9. O-O Re8 10. Re1 a6 11. a4 {A62: Modern Benoni: Fianchetto Variation without early ...Nbd7} Ne4 12. Nxe4 Rxe4 13. Qc2 {LiveBook: 6 Games. White is slightly better.} Rb4 14. Ra2 {[#]} b5 $146 ({Predecessor:} 14... a5 15. Bd2 Na6 16. Bc3 b5 17. axb5 Rxb5 18. Qd2 Nb4 {1-0 (49) Rodshtein,M (2699)-Deac,B (2560) Heraklio 2017}) 15. a5 Nd7 16. Bd2 Rc4 17. Qb1 Ra4 18. Rxa4 bxa4 19. Qc2 Rb8 20. Qxa4 Rxb2 21. Bf4 Bf8 22. Nd2 Rb4 23. Qa2 g5 24. Be3 Ne5 25. Ne4 h6 26. Bd2 Rb7 27. f4 gxf4 28. gxf4 Ng4 {[#] And now ...Qh4 would win.} 29. h3 Nf6 30. Ng3 Bg7 31. e4 (31. Rb1 $14) 31... Nh7 (31... Nh5 $5 32. Nxh5 Rb2 $15) 32. e5 dxe5 33. fxe5 {aiming for Qc2.} Qh4 $1 $36 {[%csl LRg3,LRh3][%cal Rh4g3][%mdl 2048] White is under pressure.} 34. Kh2 Ng5 {[#]} (34... Qd4 $1 $11 {keeps the balance.} 35. Be3 Qc3) 35. Bxg5 $2 (35. e6 $1 $16 {is forced if you want to stay better.}) 35... Qxg5 $17 36. d6 Be6 ({Don't blunder} 36... Bxe5 $2 37. Rxe5 Qxe5 38. Bxb7 $16) 37. Qe2 Rb3 38. Nh5 Qh4 {[%cal Re6h3]} 39. Nxg7 $2 (39. Nf6+ $17 Bxf6 40. exf6) 39... Bxh3 $19 ({Don't take} 39... Kxg7 40. Rf1 $15) 40. Qe4 (40. Kg1 {was called for.} Kxg7 41. Qf1) 40... Qg3+ {Precision: White = 51%, Black = 61%.} 0-1

[Event "12th Agzamov Memorial 2018"]
[Site "Tashkent"]
[Date "2018.04.24"]
[Round "2"]
[White "Kabilov, Amin"]
[Black "Malakhatko, Vadim"]
[Result "0-1"]
[WhiteElo "2179"]
[BlackElo "2516"]
[Annotator "TA"]
[PlyCount "90"]
[EventDate "2018.??.??"]
[EventType "swiss"]
[EventCountry "UZB"]
[SourceTitle "playchess.com"]
[Source "ChessBase"]
[SourceQuality "1"]

{[%evp 19,90,-10,28,0,-1,-28,20,27,36,49,46,32,29,0,9,-5,-4,-14,0,-55,-43,-51,-49,-62,-62,-50,-41,-56,-61,-58,-66,-173,-171,-169,-166,-201,-197,-246,-234,-256,-279,-343,-323,-483,-304,-304,-304,-304,-304,-276,-284,-868,-999,-1021,-1117,-899,-870,-1202,-1153,-1139,-1066,-1459,-1214,-29982,-29983,-29983,-29984,-29984,-29984,-29984,-29982,-29982,-29982]} 1. Nf3 Nf6 2. d4 e6 3. c4 b6 4. a3 Ba6 5. Qc2 Bb7 6. Nc3 c5 7. e4 cxd4 8. Nxd4 Bc5 9. Nb3 Nc6 10. Be2 {E12: Queen's Indian: Unusual White 4th moves, 4 a3, 4 Nc3 Bb7 5 a3 and 4 Nc3 Bb7} (10. Bg5 a6 11. Rd1 Qc7 12. Be2 Be7 13. Bh4 Ne5 14. Bg3 h5 15. O-O g5 16. Nd4 h4 17. Bxe5 Qxe5 18. Nf3 Bxe4 19. Nxe5 Bxc2 {½-½ (43) Safarli,E (2664)-Caruana,F (2804) Shamkir 2016}) 10... O-O {LiveBook: 8 Games} 11. Nxc5 $146 ({Predecessor:} 11. O-O d6 12. Rd1 Qe7 13. Bf1 Rac8 14. Nxc5 bxc5 15. Ne2 e5 16. Nc3 Nd4 17. Qd3 a5 {0-1 (38) Fridman,D (2577)-Jaracz,P (2546) Dos Hermanas 2003}) 11... bxc5 12. O-O {The position is equal.} h6 13. Be3 d6 14. Rfd1 {Hoping for Bxc5!} Qe7 15. Rab1 a5 16. Rd2 Rfd8 17. Rbd1 e5 18. Nd5 Nxd5 19. cxd5 ({White should play} 19. exd5 $11 Nd4 20. Bxd4 cxd4 21. b4) 19... Nd4 $1 $15 {[%cal Rd4c2]} 20. Bxd4 cxd4 21. Qa4 {[#]} f5 $1 {[%mdl 512]} 22. Bd3 (22. exf5 Bxd5) 22... fxe4 23. Bxe4 Qf7 24. Qb5 Rdc8 25. Bf5 (25. Re1 $15) 25... Qxf5 $19 26. Qxb7 Qf7 27. Qxf7+ Kxf7 {[%mdl 4096] Endgame KRR-KRR} 28. b4 Rc3 29. f4 Rxa3 30. fxe5 dxe5 31. Re1 (31. b5 $142) 31... Re3 32. Rxe3 dxe3 {KR-KR} 33. Ra2 Rc8 {[%cal Rc8c1] [#]} 34. Kf1 axb4 {[%cal Ba5b4,Bb4b3][%mdl 32]} 35. Ke2 $2 (35. Ra7+ Kf6 36. Rb7) 35... Rb8 36. Kxe3 b3 37. Rb2 Ke7 38. Kd3 Kd6 39. Kc4 h5 40. h4 Rb7 41. Rxb3 Rxb3 {Black mates.} 42. Kxb3 Kxd5 43. Kc3 Ke4 44. Kd2 Kf4 45. Kd3 Kg3 {Precision: White = 28%, Black = 77%.} 0-1

[Event "12th Agzamov Memorial 2018"]
[Site "Tashkent"]
[Date "2018.04.24"]
[Round "2"]
[White "Li, Georgiy"]
[Black "Yakubboev, Nodirbek"]
[Result "0-1"]
[WhiteElo "2145"]
[BlackElo "2482"]
[Annotator "TA"]
[PlyCount "50"]
[EventDate "2018.??.??"]
[EventType "swiss"]
[EventCountry "UZB"]
[SourceTitle "playchess.com"]
[Source "ChessBase"]
[SourceQuality "1"]

{[%evp 15,50,0,-6,-60,-58,-79,-60,-69,-66,-71,-6,0,0,0,21,-13,0,-73,-70,-76,-83,-85,-76,-85,-92,-85,-56,-129,-134,-140,-125,-177,-175,-260,-256,-494,-477]} 1. c4 e5 2. Nc3 Nf6 3. Nf3 Nc6 4. d4 exd4 5. Nxd4 Bb4 6. Nxc6 bxc6 7. Qc2 O-O {A28: English Opening: Four Knights Variation} 8. e3 d5 {LiveBook: 3 Games} 9. Bd2 (9. Be2 $11) (9. Be2 Be6 10. cxd5 cxd5 11. O-O c5 12. Rd1 Qe7 13. Bf3 Rad8 14. Ne2 Bg4 15. Bxg4 Nxg4 {½-½ (56) Kuzubov,Y (2559)-Efimenko,Z (2612) Poltava 2006}) 9... d4 $146 {Black is slightly better.} ({Predecessor:} 9... Be6 10. Be2 Qd7 11. O-O Bf5 12. Qa4 Rfb8 13. Rfd1 Bd6 14. cxd5 Rxb2 15. e4 {½-½ (44) Dave,K (2125)-Akshat,K (2306) New Delhi 2009}) 10. exd4 Re8+ 11. Be2 Qxd4 12. Be3 Rxe3 ({Black should play} 12... Qe5 $17 13. O-O-O Ng4) 13. fxe3 $11 Qxe3 {White must now prevent ...Bg4.} 14. Qd3 Qe5 {aiming for ...Bg4.} 15. O-O Bd6 {[#]} 16. g3 (16. Qg3 $1 $11 {[%mdl 512]}) 16... Bh3 $17 17. Bf3 Bxf1 18. Rxf1 Rd8 $36 {[%mdl 2048] ...Bc5+ is the strong threat. White is under strong pressure.} 19. Kg2 Be7 20. Qc2 Bb4 21. Nb1 (21. Rd1 $15 Rxd1 22. Nxd1) 21... h5 {[%cal Bh7h5,Bh5h4][%mdl 32]} 22. a3 Bd6 23. Rf2 {[#]} (23. Nc3 $17 {was called for.}) 23... h4 $1 $19 {[%cal Rh4g3][%mdl 512]} 24. Re2 {[#]} (24. Qc3 $142) (24. gxh4 Ng4) 24... Qg5 $1 25. Qd2 $2 (25. Nd2) 25... Qf5 {Precision: White = 35%, Black = 63%.} 0-1

[Event "12th Agzamov Memorial 2018"]
[Site "Tashkent"]
[Date "2018.04.24"]
[Round "2"]
[White "Sabirov, Asilbek"]
[Black "Papin, Vasily"]
[Result "0-1"]
[WhiteElo "2132"]
[BlackElo "2475"]
[Annotator "TA"]
[PlyCount "84"]
[EventDate "2018.??.??"]
[EventType "swiss"]
[EventCountry "UZB"]
[SourceTitle "playchess.com"]
[Source "ChessBase"]
[SourceQuality "1"]

{[%evp 10,84,19,6,56,47,46,38,50,41,43,43,43,27,82,29,28,34,33,5,7,0,0,-166,-85,-100,-93,-126,-133,-127,-110,-132,-119,-129,-124,-127,-131,-132,-125,-113,-122,-118,-117,-115,-112,-138,-112,-104,-100,-149,-146,-150,-119,-134,-127,-181,-144,-190,-202,-262,-256,-253,-229,-287,-210,-373,-357,-352,-346,-463,-445,-602,-591,-656,-664,-602,-292]} 1. d4 Nf6 2. Nf3 e6 3. Bf4 b6 4. e3 Bb7 5. Bd3 h6 (5... c5 6. O-O Be7 7. c4 O-O 8. Nc3 cxd4 9. exd4 d5 10. cxd5 Nxd5 11. Bg3 Nd7 12. Rc1 N7f6 13. Re1 Nxc3 14. bxc3 {½-½ (61) Caruana,F (2802)-Hou,Y (2652) chess.com INT 2017}) 6. h3 {LiveBook: 5 Games. A47: 1 d4 Nf6 2 Nf3 b6: Torre, London and Colle Systems} g5 7. Bh2 Rg8 $146 ({Predecessor:} 7... d6 8. Nbd2 Nbd7 9. Qe2 Bg7 10. Ba6 Qc8 11. Bxb7 Qxb7 12. a4 a6 13. O-O {½-½ (72) Kratochvil,J (2285)-Zwardon,V (2405) Czech Republic 2018}) 8. Nbd2 {White is slightly better.} h5 9. e4 d6 10. Qe2 g4 11. Ng1 d5 (11... Bh6 $11) 12. e5 (12. hxg4 $16 hxg4 13. Bf4) 12... Nfd7 $11 13. hxg4 hxg4 14. Bg3 c5 15. Bh7 Rg7 16. Bh4 $2 {[#]} (16. c3 $11) 16... Be7 (16... Rxh7 $19 17. Bxd8 Rxh1) 17. Bxe7 $17 Kxe7 18. Qe3 Qh8 19. Qh6 cxd4 20. Ne2 Nc6 21. Qh4+ Ke8 22. O-O-O Nf8 {[%cal Rg7h7]} 23. Bd3 Qxh4 24. Rxh4 Nxe5 25. Bb5+ Ke7 26. Nxd4 a6 27. Bf1 Nfd7 28. Re1 Kd6 29. Rh6 {[#]} Rg6 $1 {[%cal Rg6h6]} 30. Rh5 Nc6 31. Nxc6 Bxc6 32. c4 (32. g3 $17) 32... b5 33. Rd1 Ke7 34. b3 bxc4 35. bxc4 Rf6 36. Rg5 dxc4 37. Nxc4 $2 (37. Rxg4 Rxf2 38. Rxc4) 37... Rxf2 $19 {Strongly threatening ...Be4.} 38. Rxg4 Rxa2 39. Kb1 Ra4 {Black is clearly winning.} 40. Rgd4 Rb8+ 41. Kc2 Ra2+ 42. Kc3 Ba4 {Precision: White = 45%, Black = 63%.} (42... Nc5 $142 {[%csl Gc5][%cal Rb8b3]} 43. R4d2 Ne4+ 44. Kd4 Rd8+ 45. Ke3 Nxd2 46. Rxd2 Rdxd2 47. Nxd2 a5) 0-1

[Event "12th Agzamov Memorial 2018"]
[Site "Tashkent"]
[Date "2018.04.25"]
[Round "3"]
[White "Stupak, Kirill"]
[Black "Khusenkhojaev, Muhammad"]
[Result "1-0"]
[WhiteElo "2556"]
[BlackElo "2456"]
[Annotator "TA"]
[PlyCount "105"]
[EventDate "2018.??.??"]
[EventType "swiss"]
[EventCountry "UZB"]
[SourceTitle "playchess.com"]
[Source "ChessBase"]
[SourceQuality "1"]

{[%evp 14,105,18,28,27,0,11,-18,0,4,35,45,44,35,36,44,47,40,33,36,58,39,114,84,117,112,104,85,112,122,133,123,145,145,145,145,125,120,133,133,87,105,176,177,200,40,92,55,58,58,44,15,91,9,3,0,0,0,16,31,50,53,57,0,260,0,57,57,54,0,0,0,57,57,277,260,312,312,322,327,582,553,764,745,1241,1190,12838,12839,12839,12839,12841,12840,12840,12839]} 1. d4 Nf6 2. c4 g6 3. Nc3 {[%cal Bb1c3,Bc3a4,Ba4c5,Bc5e6][%mdl 32]} d5 4. Nf3 Bg7 5. cxd5 Nxd5 6. Na4 O-O 7. e4 Nb6 8. Be3 {LiveBook: 122 Games} f5 {D85: Exchange Grünfeld: Unusual White 7th moves and lines with 7 Nf3} (8... Nxa4 9. Qxa4 c5 10. Rd1 Bd7 11. Qa3 Nc6 12. dxc5 a5 13. Bc4 Qc7 14. h3 Nb4 15. Qb3 Bc6 16. a3 Na6 17. O-O {1-0 (51) Korobov,A (2668)-Bernadskiy,V (2562) Abu Dhabi 2017}) 9. Qb3+ $146 ({Predecessor:} 9. exf5 Bxf5 10. Nxb6 axb6 11. Bc4+ Kh8 12. Ng5 Nc6 13. g4 Qd6 14. Nf7+ Rxf7 15. Bxf7 Bd7 16. O-O Nxd4 17. Bc4 Rf8 18. f3 c5 19. Be2 Bc6 20. Kg2 Qe6 21. Bxd4 Qxg4+ 22. Kh1 Bxd4 {0-1 (22) Nikitin,A (2471)-Novik,M (2468) Sochi 2008}) 9... Kh8 10. Nc5 fxe4 {The position is equal.} 11. Ng5 {next Nge6 is good for White.} Qd5 (11... Nc6 $5 {[%cal Rc6d4]}) 12. Nge6 Bxe6 13. Nxe6 Rc8 14. g3 {[%cal Bg2g3,Bg3g4,Bg4g5][%mdl 32]} Nc6 15. Bh3 Qxb3 16. axb3 Bf6 17. Ke2 {[%mdl 1024] White has compensation.} Nb4 ({Better is} 17... Nd5 $14) 18. g4 $1 $16 c6 19. g5 Bg7 20. Ra5 N4d5 21. Bg4 $1 Rg8 22. h4 $1 Nxe3 23. fxe3 {Hoping for h5.} ({Don't take} 23. Kxe3 h5 $16) 23... h5 24. Bh3 $1 Nc8 25. Nc7 Rb8 26. Bxc8 $1 Rgxc8 27. Ne6 c5 (27... Kg8 $16) 28. Rxc5 $18 Rc6 29. Nxg7 $2 (29. Rxc6 $18 bxc6 30. Ra1) 29... Kxg7 {[%mdl 4096] Endgame KRR-KRR} 30. Rhc1 Kf7 31. b4 Rxc5 32. Rxc5 $14 {KR-KR} Rd8 (32... Ke6 $1 $11) 33. Rc7 (33. Rb5 $16) 33... Rd6 $1 $11 34. Kd2 Rb6 35. Kc3 Ke6 {And now ...Rc6+ would win.} 36. Rc5 Kd6 37. b5 a6 38. Kb4 (38. bxa6 $14 Rxa6 39. Rb5) 38... axb5 $2 {[%mdl 8192]} (38... Rxb5+ $11 {and Black has nothing to worry.} 39. Rxb5 axb5) 39. Rxb5 $2 (39. Re5 $1 $18) 39... Rc6 (39... Rxb5+ $11 40. Kxb5 Ke6) 40. Rc5 $1 $14 Ra6 41. Rb5 (41. Re5 $14) 41... Ra1 42. Re5 Rh1 (42... Rg1 $11) 43. Rxe4 Rh3 $2 {[#]} (43... e6 $14) 44. Kc4 $1 $18 e6 45. b4 Rh1 46. Rf4 Rh3 $2 {[#]} (46... Kc6 47. Rf6 b5+ 48. Kd3 Kd6 49. Rxg6 Rxh4) 47. e4 $1 {White is clearly winning.} e5 48. Rf6+ Ke7 49. d5 {[%cal Bd4d5,Bd5d6][%mdl 32]} Rxh4 50. d6+ Kd7 51. Kd5 Rf4 52. Rxg6 h4 53. Rg7+ {Precision: White = 58%, Black = 44%.} 1-0

[Event "12th Agzamov Memorial 2018"]
[Site "Tashkent"]
[Date "2018.04.25"]
[Round "3"]
[White "Levin, Evgeny A"]
[Black "Duzhakov, Ilya"]
[Result "1/2-1/2"]
[WhiteElo "2543"]
[BlackElo "2421"]
[Annotator "TA"]
[PlyCount "30"]
[EventDate "2018.??.??"]
[EventType "swiss"]
[EventCountry "UZB"]
[SourceTitle "playchess.com"]
[Source "ChessBase"]
[SourceQuality "1"]

{[%evp 29,30,0,18]} 1. d4 e6 2. c4 Nf6 3. g3 d5 4. Bg2 Bb4+ 5. Bd2 Be7 6. Nf3 O-O 7. O-O c6 8. Qc2 b6 9. Rd1 Nbd7 10. Bf4 Bb7 11. Nc3 Nh5 12. Bc1 Nhf6 $146 ({Predecessor:} 12... f5 13. a4 Bd6 14. a5 Rc8 15. b3 Qe7 16. axb6 axb6 17. Ra7 Rc7 18. Qa2 Nhf6 19. Ba3 Ne4 20. Bxd6 Qxd6 21. Rc1 e5 22. dxe5 Nxe5 23. Nxe5 Qxe5 24. Qc2 Ra8 25. Rxa8+ Bxa8 26. Na4 d4 {½-½ (26) Ghaem Maghami,E (2560)-Ganguly,S (2665) Ashkhabad 2017}) 13. Bf4 Nh5 14. Bc1 Nhf6 15. Bf4 Nh5 {LiveBook: 106 Games} 1/2-1/2